[Event "World Youth Girls U16 2014"]
[Site "Durban RSA"]
[Date "2014.09.26"]
[Round "8.14"]
[White "Beinenson, Katsiaryna"]
[Black "Nyamdorj, Uranchimeg"]
[Result "1-0"]
[WhiteTitle "WFM"]
[WhiteElo "1980"]
[BlackElo "1784"]
[WhiteFideId "13507044"]
[BlackFideId "4902386"]
[EventDate "2014.09.20"]

1. e4 e5 2. Nf3 Nc6 3. d4 exd4 4. Bc4 Nf6 5. e5 d5 6. Bb5 Ne4 7. Nxd4 Bd7 8.
Bxc6 bxc6 9. O-O Bc5 10. c3 O-O 11. f3 Ng5 12. Nd2 Bb6 13. f4 Ne6 14. Nf3 f6 15.
Be3 fxe5 16. Nxe5 Nxd4 17. cxd4 Qe8 18. Rc1 Rf6 19. Rf2 Rd8 20. Rfc2 Qe6 21. Qd2
Re8 22. b4 Ra8 23. Nxc6 Bxc6 24. Rxc6 Qxc6 25. Rxc6 Rxc6 26. Qd3 Re8 27. Qb5
Rce6 28. Qxd5 Kh8 29. Bf2 Rd6 30. Qc4 Red8 31. h3 h6 32. f5 R8d7 1-0

[Event "World Youth Girls U16 2014"]
[Site "Durban RSA"]
[Date "2014.09.26"]
[Round "8.15"]
[White "Parhomenko, Margarita"]
[Black "Fesselier, Melissa"]
[Result "0-1"]
[WhiteElo "1894"]
[BlackElo "1966"]
[WhiteFideId "11603216"]
[BlackFideId "20689284"]
[EventDate "2014.09.20"]

1. Nf3 Nf6 2. b3 g6 3. Bb2 Bg7 4. g3 O-O 5. Bg2 d6 6. d4 Nfd7 7. Nbd2 e5 8. dxe5
dxe5 9. Nc4 Nc6 10. a4 Re8 11. h4 e4 12. Ng5 Bxb2 13. Nxb2 Qf6 14. Nc4 Nc5 15.
O-O h6 16. Nh3 Be6 17. e3 Rad8 18. Qe2 a6 19. Nd2 Qc3 20. Nxe4 Nxe4 21. Bxe4
Bxh3 22. Bg2 Bxg2 23. Kxg2 Nd4 24. Qg4 Qc6+ 25. Kh3 Nf3 26. Rad1 h5 27. Qf4 Kg7
28. Rxd8 0-1

[Event "World Youth Girls U16 2014"]
[Site "Durban RSA"]
[Date "2014.09.26"]
[Round "8.16"]
[White "Besso, Guadalupe"]
[Black "Peng, Xinbei"]
[Result "1-0"]
[WhiteTitle "WCM"]
[WhiteElo "1952"]
[BlackElo "1626"]
[WhiteFideId "123161"]
[BlackFideId "8607680"]
[EventDate "2014.09.20"]

1. d4 f5 2. g3 Nf6 3. Bg2 g6 4. c4 Bg7 5. Nc3 d6 6. d5 O-O 7. Nh3 Na6 8. O-O Nc5
9. Be3 b6 10. Bd4 a5 11. Nf4 Rb8 12. a3 g5 13. Nd3 Bd7 14. b4 Nce4 15. Nxe4 fxe4
16. Ne1 Qe8 17. Rc1 Bf5 18. Nc2 Qh5 19. Ne3 Bh3 20. Qd2 axb4 21. axb4 Rf7 22. f3
Bxg2 23. Nxg2 Qg6 24. Ra1 Nd7 25. Ra7 Rc8 26. Bxg7 Rxg7 27. f4 gxf4 28. Rxf4 Nf6 1-0

[Event "World Youth Girls U16 2014"]
[Site "Durban RSA"]
[Date "2014.09.26"]
[Round "8.17"]
[White "Trippold, Denise"]
[Black "Kafetzi, Angeliki"]
[Result "0-1"]
[WhiteElo "1842"]
[BlackElo "1896"]
[WhiteFideId "1625594"]
[BlackFideId "4238419"]
[EventDate "2014.09.20"]

1. d4 Nf6 2. c4 e6 3. Nf3 Bb4+ 4. Bd2 a5 5. g3 d6 6. Bg2 Nbd7 7. O-O e5 8. Bg5
exd4 9. Nxd4 h6 10. Bc1 O-O 11. b3 Re8 12. Bb2 Nb6 13. Qc2 Qe7 14. Nc3 c6 15.
Rad1 Bc5 16. Nf5 Bxf5 17. Qxf5 a4 18. Bf3 Ra5 19. Qd3 axb3 20. axb3 Nbd7 21. Bg2
Ne5 22. Qc2 Neg4 23. h3 Nxf2 24. Rxf2 Bxf2+ 25. Kxf2 Qe3+ 26. Kf1 Qxg3 0-1

[Event "World Youth Girls U16 2014"]
[Site "Durban RSA"]
[Date "2014.09.26"]
[Round "8.18"]
[White "Tao, Rachel Long-Xin"]
[Black "Drogovoz, Maria"]
[Result "0-1"]
[WhiteElo "1592"]
[BlackElo "2167"]
[WhiteFideId "2616300"]
[BlackFideId "4176731"]
[EventDate "2014.09.20"]

1. e4 e6 2. d4 d5 3. exd5 exd5 4. Bd3 c5 5. c3 Nc6 6. dxc5 Bxc5 7. Nf3 Nge7 8.
h3 h6 9. O-O O-O 10. Nbd2 Bf5 11. Nb3 Bb6 12. Qc2 Qc8 13. a3 Re8 14. Bf4 a5 15.
a4 d4 16. Nbxd4 Bxd4 17. Nxd4 Nxd4 18. cxd4 Bxd3 19. Qxd3 Nc6 20. Rac1 Qd7 21.
Rc2 Re6 0-1

[Event "World Youth Girls U16 2014"]
[Site "Durban RSA"]
[Date "2014.09.26"]
[Round "8.19"]
[White "Wafa, Shahenda"]
[Black "Kyrkjebo, Marte B."]
[Result "1-0"]
[WhiteTitle "WIM"]
[WhiteElo "1917"]
[BlackElo "1662"]
[WhiteFideId "10609962"]
[BlackFideId "1511602"]
[EventDate "2014.09.20"]

1. e4 e5 2. Nf3 Nc6 3. Bb5 a6 4. Ba4 Nf6 5. d4 exd4 6. O-O Be7 7. Re1 O-O 8. e5
Nd5 9. Bb3 Nb6 10. Nxd4 Nxd4 11. Qxd4 d5 12. c3 Bf5 13. Qf4 Bg6 14. Nd2 c6 15.
Nf3 Nd7 16. Be3 Nc5 17. Bxc5 Bxc5 18. Nd4 Qd7 19. Rad1 Bb6 20. Qd2 Rad8 21. Bc2
Bxc2 22. Qxc2 f6 23. Re3 fxe5 24. Rh3 h6 25. Nf5 1-0

[Event "World Youth Girls U16 2014"]
[Site "Durban RSA"]
[Date "2014.09.26"]
[Round "8.20"]
[White "Caxita, Esperanca"]
[Black "Dadello, Aleksandra"]
[Result "1/2-1/2"]
[WhiteTitle "WIM"]
[WhiteElo "1769"]
[BlackElo "1907"]
[WhiteFideId "10100903"]
[BlackFideId "1177362"]
[EventDate "2014.09.20"]

1. e4 e6 2. d4 d5 3. e5 c5 4. dxc5 Nc6 5. Nf3 Bxc5 6. Bd3 Nge7 7. O-O Ng6 8.
Bxg6 hxg6 9. Nc3 a6 10. a3 Qc7 11. Bf4 O-O 12. Qd3 f6 1/2-1/2

[Event "World Youth Girls U16 2014"]
[Site "Durban RSA"]
[Date "2014.09.26"]
[Round "8.21"]
[White "Jain, Shaileja"]
[Black "Shapar, Tatiana"]
[Result "0-1"]
[WhiteElo "1736"]
[BlackElo "1877"]
[WhiteFideId "2089254"]
[BlackFideId "24174840"]
[EventDate "2014.09.20"]

1. e4 g6 2. d4 Bg7 3. f4 d6 4. Nf3 Nf6 5. Bd3 O-O 6. O-O Nbd7 7. h3 e5 8. fxe5
dxe5 9. c3 Re8 10. Bc4 Nb6 11. Bxf7+ Kxf7 12. Qb3+ Nfd5 13. exd5 Qxd5 14. Nxe5+
Kg8 15. Bf4 Be6 16. Nd2 c5 17. Qxd5 Nxd5 18. Bh2 cxd4 19. cxd4 Nb4 20. Ne4 Nc2
21. Rad1 Ne3 22. Rc1 Nxf1 23. Kxf1 Rac8 24. Nc3 b5 25. Rd1 b4 26. Ne4 0-1

[Event "World Youth Girls U16 2014"]
[Site "Durban RSA"]
[Date "2014.09.26"]
[Round "8.22"]
[White "Auvray, Honorine"]
[Black "Du Toit, Sune"]
[Result "1-0"]
[BlackTitle "WFM"]
[WhiteElo "1799"]
[BlackElo "1645"]
[WhiteFideId "600512"]
[BlackFideId "14303639"]
[EventDate "2014.09.20"]

1. e4 e5 2. Bc4 Nf6 3. d3 Nc6 4. Nf3 Be7 5. Nbd2 O-O 6. Nf1 d5 7. exd5 Nxd5 8.
Ng3 a6 9. O-O h6 10. Re1 Bf6 11. Ne4 Nb6 12. Bb3 Bg4 13. c3 Re8 14. Bc2 Nc8 15.
h3 Bh5 16. b4 Nd6 17. Nc5 e4 18. Nxe4 Nxe4 19. Rxe4 Rxe4 20. dxe4 Qxd1+ 21. Bxd1
Bxc3 22. Rb1 Re8 23. a3 1-0

[Event "World Youth Girls U16 2014"]
[Site "Durban RSA"]
[Date "2014.09.26"]
[Round "8.23"]
[White "Eng, Rachael"]
[Black "Ranasinghe, Thinithi Sahanika"]
[Result "1/2-1/2"]
[WhiteElo "1778"]
[BlackElo "1596"]
[WhiteFideId "2062224"]
[BlackFideId "9914382"]
[EventDate "2014.09.20"]

1. e4 c6 2. d4 d5 3. exd5 cxd5 4. Bd3 Nc6 5. c3 Nf6 6. Bf4 Bg4 7. Qb3 Qd7 8. Nd2
a6 9. Ngf3 Bh5 10. h3 e6 11. O-O Bg6 12. Bxg6 hxg6 13. Rfe1 Be7 14. Re2 Qc8 15.
Rae1 O-O 16. Ne5 Nxe5 17. dxe5 Nd7 18. Nf3 Nc5 19. Qc2 Qc7 20. h4 Qd8 21. g3 Rc8
22. Kg2 Ne4 23. Nd2 Nxd2 24. Qxd2 Rc4 25. b3 Rc6 26. Rh1 Re8 27. Qd3 Qc7 28. Bd2
Rc8 29. g4 Qd8 30. g5 R6c7 31. f4 1/2-1/2

[Event "World Youth Girls U16 2014"]
[Site "Durban RSA"]
[Date "2014.09.26"]
[Round "8.24"]
[White "Sajjadi, Kimiya"]
[Black "Le Bihan, Alison"]
[Result "0-1"]
[WhiteElo "1665"]
[BlackElo "1714"]
[WhiteFideId "1516434"]
[BlackFideId "20654570"]
[EventDate "2014.09.20"]

1. d4 d5 2. c4 e6 3. Nc3 Nf6 4. Bg5 Be7 5. e3 O-O 6. cxd5 exd5 7. Bd3 c5 8. Nge2
Nbd7 9. O-O Re8 10. Qc2 Nf8 11. Rfe1 Ng6 12. Rad1 Be6 13. f3 Rc8 14. Kh1 a6 15.
e4 dxe4 16. Nxe4 Nxe4 17. Bxe7 Nf2+ 18. Kg1 Nh3+ 19. gxh3 Qxe7 20. Bf5 Bxf5 21.
Qxf5 Qe3+ 22. Kf1 Nh4 23. Ng3 Nxf5 24. Rxe3 Nxe3+ 0-1

[Event "World Youth Girls U16 2014"]
[Site "Durban RSA"]
[Date "2014.09.26"]
[Round "8.26"]
[White "Van Zyl, Charlize"]
[Black "Zhang, Manxuan"]
[Result "0-1"]
[WhiteTitle "WIM"]
[WhiteElo "1753"]
[BlackElo "1593"]
[WhiteFideId "14307120"]
[BlackFideId "2619504"]
[EventDate "2014.09.20"]

1. d4 f5 2. c4 Nf6 3. g3 g6 4. Bg2 Bg7 5. Nc3 O-O 6. d5 d6 7. Nh3 e5 8. dxe6 c6
9. Ng5 Re8 10. Nf7 Qe7 11. Qxd6 Bxe6 12. Qxe7 Rxe7 13. Nd6 Na6 14. Nxb7 Rxb7 15.
Bxc6 Rab8 16. Bxb7 Rxb7 17. O-O Bxc4 18. b3 Nd5 19. Nxd5 Bxd5 20. Ba3 Bxa1 21.
Rxa1 Kf7 22. Rd1 Ke6 23. Bb2 Rc7 24. Rd2 Nb4 25. a3 Rc2 26. Rxc2 Nxc2 27. b4 0-1

[Event "World Youth Girls U16 2014"]
[Site "Durban RSA"]
[Date "2014.09.26"]
[Round "8.27"]
[White "Breedt, Shade"]
[Black "Padayachee, Keyana Chloe"]
[Result "1/2-1/2"]
[WhiteTitle "WCM"]
[BlackTitle "WCM"]
[WhiteElo "1693"]
[BlackElo "1478"]
[WhiteFideId "14304511"]
[BlackFideId "14306433"]
[EventDate "2014.09.20"]

1. e4 e5 2. Nf3 Nc6 3. Bc4 Bc5 4. c3 Nf6 5. d4 exd4 6. cxd4 Bb4+ 7. Bd2 Bxd2+ 8.
Nbxd2 d6 9. O-O O-O 10. h3 h6 11. e5 dxe5 12. dxe5 Nd5 13. Re1 Nf4 14. Nb3 Be6
15. Bxe6 Nxe6 16. Qc2 Qe7 17. Qe4 Qb4 18. Qc2 Rad8 19. Re4 Qe7 20. Rd1 Rxd1+ 21.
Qxd1 1/2-1/2

[Event "World Youth Girls U16 2014"]
[Site "Durban RSA"]
[Date "2014.09.26"]
[Round "8.29"]
[White "Liao, Jo-Yu"]
[Black "Gucagaite, Gabriele"]
[Result "1/2-1/2"]
[WhiteElo "1438"]
[BlackElo "1639"]
[WhiteFideId "16300459"]
[BlackFideId "12808210"]
[EventDate "2014.09.20"]

1. e4 d5 2. exd5 Qxd5 3. Nc3 Qa5 4. d4 Nf6 5. Bd2 c6 6. Nf3 Bg4 7. h3 Bh5 8. Ne4
Qc7 9. Ng3 Bg6 10. Ne5 e6 11. Nxg6 hxg6 12. Qf3 Nbd7 13. Bc4 Nb6 14. Bb3 Bd6 15.
Ne4 Nxe4 16. Qxe4 Nd5 17. O-O-O O-O-O 18. Bxd5 cxd5 19. Qd3 Kb8 20. Qb3 Rdf8 21.
Rhe1 1/2-1/2

[Event "World Youth Girls U16 2014"]
[Site "Durban RSA"]
[Date "2014.09.26"]
[Round "8.33"]
[White "Maouchi, Amina"]
[Black "Ciungan, Diana-Alexandra"]
[Result "1-0"]
[WhiteElo "1613"]
[BlackElo "1762"]
[WhiteFideId "7900929"]
[BlackFideId "1219472"]
[EventDate "2014.09.20"]

1. e4 e5 2. Nf3 Nc6 3. Bc4 Nf6 4. d3 h6 5. Nc3 d6 6. h3 Na5 7. Bb3 Nxb3 8. axb3
g6 9. Be3 Bg7 10. O-O g5 11. d4 Qe7 12. dxe5 dxe5 13. Rxa7 Rxa7 14. Bxa7 1-0

[Event "World Youth Girls U16 2014"]
[Site "Durban RSA"]
[Date "2014.09.27"]
[Round "9.1"]
[White "Unuk, Laura"]
[Black "Haussernot, Cecile"]
[Result "1-0"]
[WhiteTitle "WFM"]
[BlackTitle "WFM"]
[WhiteElo "2247"]
[BlackElo "2011"]
[WhiteFideId "14609215"]
[BlackFideId "601632"]
[EventDate "2014.09.20"]

1. Nf3 c5 2. c4 Nc6 3. Nc3 e5 4. g3 g6 5. Bg2 Bg7 6. O-O d6 7. a3 Nge7 8. Rb1
Be6 9. d3 h6 10. b4 Qd7 11. b5 Nd8 12. e4 O-O 13. Nd5 f5 14. Nxe7+ Qxe7 15. Nh4
Qf6 16. exf5 gxf5 17. f4 Rb8 18. Bb2 Nf7 19. Qh5 Kh7 20. fxe5 Nxe5 21. Nxf5 Bxf5
22. Rxf5 Qxf5 23. Be4 Qxe4 24. dxe4 Rbe8 25. Rf1 Rxf1+ 26. Kxf1 Re7 27. Ke2 b6
28. a4 Bf6 29. g4 Bg5 30. Bxe5 Rxe5 31. h4 Bf6 32. Qf7+ Bg7 33. Ke3 Kh8 34. Qxa7
Bf6 35. Qxb6 1-0

[Event "World Youth Girls U16 2014"]
[Site "Durban RSA"]
[Date "2014.09.27"]
[Round "9.2"]
[White "Derakhshani, Dorsa"]
[Black "Tsolakidou, Stavroula"]
[Result "1/2-1/2"]
[WhiteTitle "WFM"]
[BlackTitle "WFM"]
[WhiteElo "2148"]
[BlackElo "2250"]
[WhiteFideId "12500330"]
[BlackFideId "4264312"]
[EventDate "2014.09.20"]

1. e4 c5 2. Nf3 d6 3. d4 cxd4 4. Nxd4 Nf6 5. Nc3 a6 6. Be3 e5 7. Nb3 Be6 8. h3
Nbd7 9. g4 Rc8 10. Qd2 b5 11. O-O-O Be7 12. f4 exf4 13. Bxf4 Ne5 14. Qg2 Nfd7
15. Kb1 Rxc3 16. bxc3 Qc7 17. Bd2 Nb6 18. Nd4 Na4 19. Nxe6 fxe6 20. Qg3 O-O 21.
Be2 Qc5 22. Ka1 Qa3 23. Rb1 Rf3 24. Qe1 Nxc3 25. Bxc3 Rxc3 26. Rb3 Rxb3 27. cxb3
Nd3 28. Qd2 Bf6+ 29. Kb1 Nf2 30. e5 Bxe5 31. Qc2 Qc5 32. Qxc5 dxc5 33. Re1 Bd4
34. h4 Ne4 35. Kc2 Bf2 36. Rh1 Ng3 37. Rh2 Bd4 38. Bd3 e5 39. Rg2 Nh1 40. a4 Nf2
41. axb5 Nxd3 42. Kxd3 axb5 43. Ra2 Kf7 44. Ra6 Ke7 45. h5 Kd7 46. h6 gxh6 47.
Rxh6 Ke7 48. Rxh7+ Kf6 49. Rh5 Kg6 50. Rf5 Kh6 51. Ke4 c4 52. bxc4 bxc4 53. Rf8
Kg5 54. Rg8+ Kf6 55. g5+ Kf7 56. Rc8 Kg6 57. Rxc4 Kxg5 1/2-1/2

[Event "World Youth Girls U16 2014"]
[Site "Durban RSA"]
[Date "2014.09.27"]
[Round "9.3"]
[White "Mahalakshmi, M"]
[Black "Gazikova, Veronika"]
[Result "0-1"]
[WhiteTitle "WFM"]
[BlackTitle "WFM"]
[WhiteElo "2048"]
[BlackElo "2134"]
[WhiteFideId "5001080"]
[BlackFideId "14919311"]
[EventDate "2014.09.20"]

1. d4 Nf6 2. c4 c5 3. d5 b5 4. cxb5 a6 5. bxa6 g6 6. Nc3 Bxa6 7. g3 d6 8. Bg2
Bg7 9. Nf3 O-O 10. O-O Nfd7 11. Qc2 Nb6 12. Rd1 Nc4 13. Nd2 Qa5 14. Nxc4 Bxc4
15. Bd2 Nd7 16. b3 Ba6 17. Rab1 Rfb8 18. a4 Ne5 19. h3 Qc7 20. Kh2 Ra7 21. f4
Nd7 22. e4 Rab7 23. Bf1 Bxf1 24. Rxf1 Nf6 25. Nb5 Qd7 26. Bc3 Ne8 27. Na3 Bxc3
28. Qxc3 e6 29. Nc4 exd5 30. exd5 Qf5 31. Ne3 Qe4 32. Ng4 Qxd5 33. Rfe1 Qd4 34.
Qf3 Nf6 35. Rbd1 Nxg4+ 36. Qxg4 Qb2+ 37. Re2 Qxb3 38. Rxd6 Qxa4 39. Red2 Rb2 40.
Qg5 Qa5 41. f5 c4 42. Qf4 c3 43. fxg6 hxg6 44. Rxg6+ fxg6 45. Qc4+ Kg7 46. Qd4+
Kh6 47. Qh4+ Qh5 48. Qf4+ Qg5 0-1

[Event "World Youth Girls U16 2014"]
[Site "Durban RSA"]
[Date "2014.09.27"]
[Round "9.4"]
[White "Bluhm, Sonja Maria"]
[Black "Drogovoz, Irina"]
[Result "1/2-1/2"]
[WhiteTitle "WFM"]
[WhiteElo "2155"]
[BlackElo "2313"]
[WhiteFideId "24654027"]
[BlackFideId "4176715"]
[EventDate "2014.09.20"]

1. e4 c5 2. Nf3 d6 3. d4 cxd4 4. Nxd4 Nf6 5. Nc3 a6 6. Be3 e6 7. Be2 Be7 8. O-O
Qc7 9. f4 O-O 10. Qe1 Nc6 11. Qg3 Bd7 12. Rae1 Rfd8 13. Kh1 Bf8 14. f5 Kh8 15.
Nf3 Ne5 16. Ng5 exf5 17. Bd4 Kg8 18. exf5 Bc6 19. Bf3 Re8 20. Bxc6 bxc6 21. Nce4
Nxe4 22. Nxe4 Kh8 23. f6 g6 24. Ng5 Kg8 25. Bxe5 Rxe5 26. Rxe5 dxe5 27. h4 h5
28. Ne4 Rd8 29. a3 Bh6 30. Ng5 Qa5 31. Re1 Re8 32. c4 Bxg5 33. hxg5 e4 34. b4
Qf5 35. Kg1 Re5 36. c5 Re8 37. Qe3 Re5 38. Qg3 Kf8 39. Rd1 Ke8 40. Re1 Kf8 41.
Rd1 Ke8 42. Re1 Kf8 1/2-1/2

[Event "World Youth Girls U16 2014"]
[Site "Durban RSA"]
[Date "2014.09.27"]
[Round "9.5"]
[White "Monnisha, GK"]
[Black "Egorova, Ayyyna"]
[Result "1/2-1/2"]
[WhiteTitle "WFM"]
[BlackTitle "WCM"]
[WhiteElo "2078"]
[BlackElo "1992"]
[WhiteFideId "5009936"]
[BlackFideId "24136611"]
[EventDate "2014.09.20"]

1. e4 Nf6 2. e5 Nd5 3. d4 d6 4. c4 Nb6 5. exd6 cxd6 6. Nc3 g6 7. Nf3 Bg7 8. Be3
O-O 9. b3 Nc6 10. Be2 Bg4 11. O-O d5 12. c5 Nc8 13. Rb1 e6 14. b4 N8e7 15. b5
Na5 16. Nd2 Bxe2 17. Nxe2 Nf5 18. Qa4 a6 19. bxa6 Rxa6 20. Qb5 Qa8 21. Rfd1 Nc6
22. Qxb7 Ncxd4 23. Nxd4 Nxd4 24. Bxd4 Bxd4 25. Ne4 Qxb7 26. Rxb7 Rxa2 27. g3 Be5
28. f4 Ra1 29. Rxa1 Bxa1 30. c6 Bd4+ 31. Kf1 dxe4 32. c7 Kg7 33. Rb8 Bb6 34.
Rxf8 Bxc7 35. Rc8 Bb6 36. Rc4 e3 37. Ke2 h6 38. Rc6 Ba7 39. Ra6 Bc5 40. Ra5 Bb6
41. Rb5 Ba7 42. Kd3 Kf6 43. g4 Kg7 44. h4 Kf6 45. Ke2 Kg7 46. g5 h5 47. Kd3 Kf8
48. Rb7 Bc5 49. Rb2 Kg7 50. Rc2 Ba7 51. Ke4 Bb6 52. Rb2 Bc5 1/2-1/2

[Event "World Youth Girls U16 2014"]
[Site "Durban RSA"]
[Date "2014.09.27"]
[Round "9.6"]
[White "Bykovtsev, Agata"]
[Black "Vasova, Maria"]
[Result "1/2-1/2"]
[WhiteElo "2059"]
[BlackElo "1958"]
[WhiteFideId "2046547"]
[BlackFideId "2900955"]
[EventDate "2014.09.20"]

1. e4 c6 2. d4 d5 3. Nd2 g6 4. Ngf3 Bg7 5. c3 dxe4 6. Nxe4 Nd7 7. Bd3 Ngf6 8.
O-O Nxe4 9. Bxe4 Nf6 10. Bd3 O-O 11. Re1 Bg4 12. h3 Bxf3 13. Qxf3 Qd7 14. Bg5
Rae8 15. Bc4 Nd5 16. Bb3 Bf6 17. Bd2 Qf5 18. Qxf5 gxf5 19. c4 Nc7 20. Bc3 Rd8
21. d5 Bxc3 22. bxc3 e6 23. dxc6 bxc6 24. Ba4 Na8 25. Bxc6 Nb6 26. Bb5 Rc8 27.
Rad1 Rc5 28. a4 Rfc8 29. Rd3 Nxc4 30. Red1 Kg7 31. Rd7 R8c7 32. Rxc7 Rxc7 33.
Rd7 Rxd7 34. Bxd7 Kf6 35. f4 a6 36. Kf2 Ke7 37. Bc6 Kd6 38. Be8 Ke7 39. Bc6 Kd6
40. Bf3 Nb6 41. a5 Nc4 42. Bb7 Nxa5 43. Bxa6 Kc5 44. Ke3 Nc4+ 45. Kd3 Nb2+ 46.
Kc2 Nc4 47. Bb7 h5 48. h4 Ne3+ 49. Kd3 Nd5 50. g3 Nf6 51. Bf3 Ng4 52. Be2 Nf6
53. Ke3 Nd5+ 54. Kd3 Nf6 55. Bf3 Ng4 56. Be2 Nf6 57. Ke3 Nd5+ 1/2-1/2

[Event "World Youth Girls U16 2014"]
[Site "Durban RSA"]
[Date "2014.09.27"]
[Round "9.7"]
[White "Abdusattorova, Bakhora"]
[Black "Wozniak, Mariola"]
[Result "1-0"]
[WhiteTitle "WFM"]
[BlackTitle "WCM"]
[WhiteElo "2008"]
[BlackElo "1992"]
[WhiteFideId "14204126"]
[BlackFideId "1152050"]
[EventDate "2014.09.20"]

1. d4 d5 2. c4 dxc4 3. Nf3 Nf6 4. e3 a6 5. Bxc4 e6 6. O-O c5 7. dxc5 Bxc5 8.
Qxd8+ Kxd8 9. Rd1+ Ke7 10. Be2 Bd7 11. Nbd2 Nc6 12. b3 Rhc8 13. Bb2 h6 14. Rac1
Nb4 15. a3 Nbd5 16. Ne5 Be8 17. Nd3 Ba7 18. e4 Nb6 19. a4 Bc6 20. Nb4 Be8 21.
Ba3 Rxc1 22. Rxc1 Kd8 23. Bf3 e5 24. Bb2 Nfd7 25. a5 Nc8 26. Nd5 Ne7 27. Nc4
Nxd5 28. exd5 f6 29. Nd6 Rb8 30. Bg4 Nc5 31. Ba3 Bd7 32. Bh5 Nxb3 33. Nf7+ Ke8
34. Nxe5+ Kd8 35. Nf7+ 1-0

[Event "World Youth Girls U16 2014"]
[Site "Durban RSA"]
[Date "2014.09.27"]
[Round "9.8"]
[White "Fesselier, Melissa"]
[Black "Narva, Mai"]
[Result "1/2-1/2"]
[BlackTitle "WCM"]
[WhiteElo "1966"]
[BlackElo "2210"]
[WhiteFideId "20689284"]
[BlackFideId "4500512"]
[EventDate "2014.09.20"]

1. e4 c5 2. Nf3 Nc6 3. Bb5 g6 4. Bxc6 bxc6 5. O-O Bg7 6. Re1 Nh6 7. c3 O-O 8. h3
d5 9. d3 f6 10. Be3 Qd6 11. Nbd2 e5 12. d4 cxd4 13. cxd4 Nf7 14. Qc2 Re8 15.
Rad1 Bb7 16. dxe5 fxe5 17. Bc5 Qc7 18. Rc1 Nd8 19. Bb4 a5 20. Ba3 Qb8 21. Nb3
Ne6 22. Nc5 Nxc5 23. Bxc5 Qc7 24. Ba3 Qf7 25. b3 Rac8 26. Bb2 c5 27. exd5 Qxd5
28. Rcd1 Qc6 29. Re2 Rf8 30. Qc4+ Kh8 31. Red2 Rce8 32. Rd6 Qc8 33. Ng5 Qf5 34.
Qh4 h6 35. Bc1 Kg8 36. Qc4+ Kh8 37. Qh4 Kg8 38. Qc4+ Kh8 39. Qh4 1/2-1/2

[Event "World Youth Girls U16 2014"]
[Site "Durban RSA"]
[Date "2014.09.27"]
[Round "9.9"]
[White "Konopatska, Oleksandra"]
[Black "Ghukasyan, Siranush"]
[Result "0-1"]
[WhiteElo "1914"]
[BlackElo "2155"]
[WhiteFideId "14128772"]
[BlackFideId "13300946"]
[EventDate "2014.09.20"]

1. c4 e6 2. e4 d5 3. exd5 exd5 4. cxd5 Nf6 5. Bb5+ Nbd7 6. Nc3 Be7 7. Nf3 O-O 8.
O-O a6 9. Bc4 b5 10. Bb3 Nb6 11. Ne5 Bd6 12. d4 b4 13. Na4 Nfxd5 14. Qf3 Be6 15.
Nc5 Qe7 16. Be3 Nxe3 17. Qxe3 Nd5 18. Qf3 Bxe5 19. Bxd5 Bxh2+ 20. Kxh2 Qd6+ 21.
Qg3 Qxd5 22. Rfd1 c6 23. f3 a5 24. b3 Ra7 25. Rac1 Qh5+ 26. Kg1 Bd5 27. Ne4 Qg6
28. Qxg6 hxg6 29. Kf2 a4 30. Rd3 axb3 31. axb3 Ra2+ 32. Kg3 f5 33. Nc5 Re8 34.
Nd7 Ree2 35. Rg1 g5 36. Ne5 Kf8 37. Rdd1 Reb2 38. Rc1 f4+ 39. Kh2 Rxb3 40. Kh3
Be6+ 41. Kh2 Bd5 42. Kh3 Rbb2 43. Nxc6 Be6+ 44. Kh2 g4 45. fxg4 Bd5 46. Ne5 g5
47. Rc8+ Ke7 48. Rc7+ Ke6 49. Rc8 Bxg2 50. Re8+ Kf6 51. Nd7+ Kf7 52. Rf8+ Ke7
53. Re1+ Be4+ 0-1

[Event "World Youth Girls U16 2014"]
[Site "Durban RSA"]
[Date "2014.09.27"]
[Round "9.10"]
[White "Gal, Hanna Krisztina"]
[Black "Besso, Guadalupe"]
[Result "1/2-1/2"]
[BlackTitle "WCM"]
[WhiteElo "2094"]
[BlackElo "1952"]
[WhiteFideId "711861"]
[BlackFideId "123161"]
[EventDate "2014.09.20"]

1. e4 c5 2. Nf3 Nc6 3. Bb5 g6 4. O-O Bg7 5. c3 Nf6 6. Re1 O-O 7. d4 d5 8. e5 Ne4
9. Nbd2 Nxd2 10. Bxd2 Qb6 11. Bxc6 bxc6 12. Qb3 cxd4 13. cxd4 Bg4 14. Qxb6 axb6
15. Bb4 Ra7 16. Nd2 Rc8 17. Nb3 Bh6 18. a4 Rb7 19. g3 Bf5 20. f4 c5 21. Bc3 Bc2
22. Nd2 Ra7 23. b3 c4 24. bxc4 dxc4 25. a5 bxa5 26. Bxa5 e6 27. Rec1 Bd3 28. Bc3
Rca8 29. Kf2 Bf8 30. Rxa7 Rxa7 31. Ra1 Rxa1 32. Bxa1 1/2-1/2